000
00291nam a2200133Ia 4500
100
_a
Slater/H/ Smith/Lee
942
_c
BK
654
_a
Plumbing
245
_a
Basic plumbing
260
_b
Van Nostrand Reinhold Co.
_a
New York
_c
1979
082
_a
696.1
300
_a
209
546
_a
ENGLISH
999
_c
23875
_d
23875